000
00425nam a2200169Ia 4500
008
090711s9999 xx 000 0 und d
082
_b
16555
100
_a
आपटे ह. ना.
245
_a
कालकूट
260
_c
1964
300
_a
124
600
_a
आपटे ह. ना.
630
_a
कालकूट
700
_a
आपटे ह. ना.
730
_a
कालकूट
942
_c
BOOK
999
_c
295919
_d
295919